logo

Bir Sreshtho Munshi Abdur Rouf Library
Jhenaidah Cadet College

মোনালিসা / (Record no. 879)

MARC details
000 -LEADER
fixed length control field 00816nam a22002297a 4500
001 - CONTROL NUMBER
JCCL Control Number 879
003 - CONTROL NUMBER IDENTIFIER
JCCL marc code BD-JhCC
005 - DATE AND TIME OF LATEST TRANSACTION
control field 20190114134017.0
008 - FIXED-LENGTH DATA ELEMENTS--GENERAL INFORMATION
fixed length control field 171010s2007 bg ao||| |||| 00| 0 ben d
035 ## - SYSTEM CONTROL NUMBER
system control number (BD-JhCC)879
040 ## - CATALOGING SOURCE
Original cataloging agency BD-JhCC
Modifying agency BD-JhCC
041 ## - LANGUAGE CODE
Language code of Book ben
082 ## - DEWEY DECIMAL CLASSIFICATION NUMBER
Classification number 759.5
Author mark and Year SAS 2007
DDC Edition number 22
100 ## - MAIN ENTRY--PERSONAL NAME
Personal name সাসুন, ডোনাল্ড
245 ## - TITLE STATEMENT
Title মোনালিসা /
Statement of responsibility, etc ডোনাল্ড সাসুন; মোহাম্মাদ নাজিম উদ্দিন (অনু.)
260 ## - PUBLICATION, DISTRIBUTION, ETC. (IMPRINT)
Place of publication, distribution, etc ঢাকা :
Date of publication, distribution, etc ২০০৭.
300 ## - PHYSICAL DESCRIPTION
Pagination ২৮১ পৃ. :
Other physical details ill. ;
Dimensions ২২ সেমি.
650 ## - SUBJECT ADDED ENTRY--TOPICAL TERM
Topical term or geographic name as entry element Mona Lisa (Leonardo, da Vinci)
General subdivision Artists
700 ## - ADDED ENTRY--PERSONAL NAME
Personal name উদ্দিন, মোহাম্মাদ নাজিম
942 ## - ADDED ENTRY ELEMENTS (KOHA)
Source of classification or shelving scheme Dewey Decimal Classification
Koha item type Books
Koha issues (borrowed), all copies 1
Holdings
Source of classification or shelving scheme Damaged status Not for loan Home library Current library Shelving location Date of accession Source of acquisition Cost, normal purchase price Total Checkouts Full call number Barcode Date last seen Date checked out Copy number Koha item type
Dewey Decimal Classification     JCC Rouf Library JCC Rouf Library General Stacks 10/10/2017 Purchase 250.00 6 759.5 SAS 2007 1636 07/15/2025 06/25/2025 C-1 Books

JCC Library | Contacts | JCC Home

Last Update on 23 September 2017
Copyright @ 2017-2020 JCC Rouf Library
Rouf Library, Jhenidah Cadet College (JCC), Bangladesh